| 000 | 00436nam a2200169Ia 4500 | ||
|---|---|---|---|
| 003 | LK-CoDNM | ||
| 008 | 010623t1923 xxu||||| |||| 00| 1 eng d | ||
| 040 |
_aLK-CoDNM _dLK-CoDNM _eLK-CoDNM |
||
| 041 | _aeng | ||
| 080 | _a22 H.29 | ||
| 100 | _aBhisagacarya, Girindranath Mukhopadhyaya | ||
| 245 | _aHistory of Indian Medicine | ||
| 260 |
_bUniversity of Calcutta _c1923 |
||
| 300 | _b209p., 25 cm | ||
| 650 | _aAyurveda | ||
| 942 | _cBK | ||
| 999 |
_c91501 _d91501 |
||